<?xml version="1.0" encoding="UTF-8"?>
<collection xmlns="http://www.loc.gov/MARC21/slim">
 <record>
  <leader>01595nam a22002297a 4500</leader>
  <controlfield tag="001">NCT_51579</controlfield>
  <controlfield tag="008">180922b        xxu||||| |||| 00| 0 vie d</controlfield>
  <datafield tag="999" ind1=" " ind2=" ">
   <subfield code="c">2465</subfield>
   <subfield code="d">2465</subfield>
  </datafield>
  <datafield tag="020" ind1=" " ind2=" ">
   <subfield code="a">9786049448010</subfield>
   <subfield code="c">76000</subfield>
  </datafield>
  <datafield tag="082" ind1="0" ind2="4">
   <subfield code="2">23rd ed.</subfield>
   <subfield code="a">368.096</subfield>
   <subfield code="b">Đ552</subfield>
  </datafield>
  <datafield tag="245" ind1="0" ind2="0">
   <subfield code="a">Bảo hiểm nông nghiệp :</subfield>
   <subfield code="b">Chính sách , thách thức và kinh nghiệm từ Châu Âu</subfield>
   <subfield code="c">Đặng Minh Đức (chủ biên) ; ....[et al.]</subfield>
  </datafield>
  <datafield tag="260" ind1=" " ind2=" ">
   <subfield code="a">H.</subfield>
   <subfield code="b">Khoa học xã hội</subfield>
   <subfield code="c">2016</subfield>
  </datafield>
  <datafield tag="300" ind1=" " ind2=" ">
   <subfield code="a">328 tr.</subfield>
   <subfield code="b">Bảng</subfield>
   <subfield code="c">21cm</subfield>
  </datafield>
  <datafield tag="520" ind1=" " ind2=" ">
   <subfield code="a">Sách trình bày những nghiên cứu lý thuyết và bức tranh toàn cảnh về thực tiễn triển khai bảo hiểm nông nghiệp tại một số quốc gia điển hình là thành viên của Liên minh châu Âu. Trên cơ sở đó, rút ra những bài học kinh nghiệm và đưa ra những gợi ý về mặt chính sách cho Nhà nước trong việc xây dựng và phát triển bảo hiểm nông nghiệp trong quá trình hiện đại hóa, công nghiệp hóa nông nghiệp, nông thôn ở Việt Nam.</subfield>
  </datafield>
  <datafield tag="653" ind1=" " ind2=" ">
   <subfield code="a">Quản trị kinh doanh</subfield>
  </datafield>
  <datafield tag="700" ind1="1" ind2=" ">
   <subfield code="a">Đặng Minh Đức</subfield>
   <subfield code="e">Chủ biên</subfield>
  </datafield>
  <datafield tag="700" ind1="1" ind2=" ">
   <subfield code="a">Nguyễn An Hà</subfield>
  </datafield>
  <datafield tag="700" ind1="1" ind2=" ">
   <subfield code="a">Đinh Mạnh Tuấn</subfield>
  </datafield>
  <datafield tag="700" ind1="1" ind2=" ">
   <subfield code="a">Nguyễn Thanh Hương</subfield>
  </datafield>
  <datafield tag="942" ind1=" " ind2=" ">
   <subfield code="2">ddc</subfield>
   <subfield code="c">BK</subfield>
  </datafield>
  <datafield tag="952" ind1=" " ind2=" ">
   <subfield code="0">0</subfield>
   <subfield code="1">0</subfield>
   <subfield code="2">ddc</subfield>
   <subfield code="4">0</subfield>
   <subfield code="6">368_096000000000000_Đ552</subfield>
   <subfield code="7">0</subfield>
   <subfield code="9">14106</subfield>
   <subfield code="a">000001</subfield>
   <subfield code="b">000001</subfield>
   <subfield code="d">2018-09-22</subfield>
   <subfield code="o">368.096 Đ552</subfield>
   <subfield code="p">MD.13429</subfield>
   <subfield code="r">2018-09-22</subfield>
   <subfield code="v">76000.00</subfield>
   <subfield code="w">2018-09-22</subfield>
   <subfield code="y">BK</subfield>
  </datafield>
  <datafield tag="980" ind1=" " ind2=" ">
   <subfield code="a">Thư viện Trường Đại học Nam Cần Thơ</subfield>
  </datafield>
 </record>
</collection>
